Terraria Invasions - Statistics

General Stats
  • This quiz has been taken 15 times
  • The average score is 5 of 8
Answer Stats
Answer % Correct
Goblin Army
92%
Martian Madness
83%
Pirate Invasion
83%
Frost Moon
75%
Old One's Army
50%
Frost Legion
42%
Slime Rain
42%
Pumkin Moon
33%
No matching quizzes found
Score Distribution
Percent of People with Each Score
Percentile by Number Answered
Your Score History
You have not taken this quiz